British History Quiz #1 (Anglo-Saxon) - Statistics

General Stats
  • This quiz has been taken 270 times
    266 since last reset
  • The average score is 13 of 32
Answer Stats
Hint Answer % Correct
King nicknamed the unready Æthelred II
86%
The names of the seven kingdoms of the heptarchy Wessex
78%
Saxons
72%
Mercia
65%
Angles
64%
East Anglia
62%
Essex
62%
Sussex
59%
Northumbria
58%
Which king allegedly tried to command the tide not to touch his feet. Cnut
55%
First King of England Æthelstan
53%
The raid on which monastery is often considered to be the beginning of the Viking Age in Europe. Lindisfarne
53%
What was the area of England that Alfred let the Vikings have control of The Danelaw
50%
Three main Germanic peoples who settled in England Jutes
47%
Kent
47%
The modern name of the capital of the kingdom lead by Alfred the great Winchester
44%
Which king built a large dyke across the border of England and Wales Offa
42%
City built just west of the city of London Westminster
41%
Which Viking invaded and settled in Normandy Rollo
33%
What are the names of the two other kings who ruled over this empire Harthacnut
22%
Sweyn Forkbeard
21%
Which Elite unit of the byzantine empire was primarily composed of Northern Europeans Varangian Guard
20%
Daughter of Alfred the great and lady of Mercia Æthelflæd
18%
The king of East Anglia who converted to Christianity after losing in battle to Alfred the great in battle Guthrum
17%
Horsa
17%
The names of the two Danish mercenaries who landed in Ebbsfleet around 455 Ad Hengist
16%
What was the empire he ruled over North sea Empire
16%
...What was the battle that he he lost Edington
13%
…Where Is he thought to have been buried. Sutton Hoo
13%
What in ancient Germanic law was the amount of compensation paid by a person committing an offense to the injured party or, in case of death, to his family. Wergild
11%
First King of east Anglia to convert to Christianity is thought to have held his palace in Rendlesham Rædwald
10%
Name of the Viking kingdom based around modern day Dublin Dyflin
5%
No matching quizzes found
Score Distribution
Percent of People with Each Score
Percentile by Number Answered
Your Score History
You have not taken this quiz since the last reset